1028 câu đàm thoại tiếng Hoa cơ bản /

Sparad:
Bibliografiska uppgifter
Materialtyp: Bok
Publicerad: H. : VHTT. 2010
Ämnen:
Taggar: Lägg till en tagg
Inga taggar, Lägg till första taggen!
Thư viện lưu trữ: Mạng thư viện Đại học Đà Nẵng
LEADER 00900nam a22002651a 4500
001 000037062
003 13357
005 20211015142229.0
008 160412s2010 000
020 |c 27000 
040 |a lnn  |c lnn  |d lnn 
082 |a 495.183  |b CA-Đ 
245 0 |a 1028 câu đàm thoại tiếng Hoa cơ bản /  |c Nhóm Quảng Văn. 
260 |c 2010  |a H. :  |b VHTT. 
300 |a 196tr. : ;  |c 19cm. 
653 |a đàm thoại tiếng Hoa  |a tiếng Hoa 
OWN |a LNN 
AVA |a UDN50  |b LNN  |c Chinese  |d 495.183 CA-Đ  |e available  |t Error 5001 Not defined in file expand_doc_bib_avail.  |f 1  |g 0  |h N  |i 1  |j TN 
999 |a From the UDN01 
AVA |a UDN50  |b LNN  |c Chinese  |d 495.183 CA-Đ  |e available  |t Error 5001 Not defined in file expand_doc_bib_avail.  |f 1  |g 0  |h N  |i 1  |j TN 
TYP |a Monograph 
980 |a Mạng thư viện Đại học Đà Nẵng